Minecraft(日本語版)で漢字一文字のアイテム - Statistics

General Stats
  • This quiz has been taken 159 times
  • The average score is 8 of 21
Answer Stats
Answer % Correct
86%
75%
67%
65%
52%
51%
50%
43%
42%
31%
30%
29%
29%
28%
28%
27%
22%
21%
17%
14%
11%
No matching quizzes found
Score Distribution
Percent of People with Each Score
Percentile by Number Answered
Your Score History
You have not taken this quiz